| 000 | 01102nmc a2200397 a 4500 | ||
|---|---|---|---|
| 003 | AR-BaBNM | ||
| 005 | 20251128204802.0 | ||
| 008 | 296019s1983 ||||||||||||||000 | spa|| | ||
| 020 | _a968-16-1229-9 | ||
| 040 | _cAR-BaBNM | ||
| 100 | 1 | _aMounin, Georges | |
| 245 | 1 | 0 | _aLa literatura y sus tecnocracias |
| 250 | _a1ª ed. | ||
| 260 |
_aMéxico, D.F. _bFondo de Cultura Económica _c1983 |
||
| 300 | 0 | _a204 p. | |
| 490 | 0 | _aSección de Obras de Lengua y Estudios Literarios | |
| 504 | _aContiene bibliografía en p. 199-201 | ||
| 600 | 1 | 4 | _aJakobson, Roman |
| 600 | 1 | 4 | _aRiffaterre, Michael |
| 600 | 1 | 4 |
_aBachelard, Gaston _d1884-1962 |
| 600 | 1 | 4 | _aSaussure, Ferdinand De |
| 600 | 1 | 4 | _aValery, Paul |
| 600 | 1 | 4 | _aGrammont, Maurice |
| 600 | 1 | 4 | _aMallarme, Stephane |
| 650 | 4 | _aESTUDIOS CULTURALES | |
| 650 | 4 | _aLENGUAJE | |
| 650 | 4 | _aLINGUISTICA | |
| 650 | 4 | _aANALISIS LINGUISTICO | |
| 650 | 4 | _aCRITICA LITERARIA | |
| 650 | 4 | _aSEMANTICA | |
| 653 | 0 | _aESTILISTICA | |
| 655 | _aLITERATURA | ||
| 700 | 1 |
_aAguilar Mora, Jorge _etraductor |
|
| 942 | _cBK | ||
| 998 | _cisola | ||
| 999 |
_c8818 _d8818 |
||